000 03042nam a22002897a 4500
001 TIC 0006
003 gtcocun
005 20250924181348.0
006 a||||gr|||| 00| 0
007 ta
008 250924b2020 gt ||||| m||| 00| 0 eng d
040 _agtcocun
_bSPA
_cgtcocun
_eRDA
041 _aSPA TIC 0006
084 _0TIC 0006
100 _aSucup Cal, Elvis José David
_eAutor
245 _aDISEÑO Y PLANIFICACIÓN DE CENTRO DE CAPACITACIÓN PARA LA MUJER UBICADO EN COMUNIDAD LAS PACAYAS MICRO REGIÓN VII Y APERTURA DE CAMINO RURAL, CASERÍO WACH QOOB´ (LA VENTANA) HACIA CASERÍO PAMBÓN GRANDE MICRO REGIÓN IX MUNICIPIO DE SAN CRISTÓBAL VERAPAZ, ALTA VERAPAZ./
_cElvis José David Sucup Cal.
_hImpreso
264 _aCobán, Alta Verapaz:
_bUniversidad de San Carlos de Guatemala, Centro Universitario del Norte,
300 _a243 p.:
_bIlustraciones, gráficas.
_c28 cm;
502 _eTIC 0006
502 _aTesis de grado
_bIngeniería Civil,
_cUniversidad de San Carlos de Guatemala, Centro Universitario del Norte, Ingeniería Civil
_d2020
_oTIC 0006
520 1 4 _aEl Ejercicio Profesional Supervisado se realizó con las normativas que establece el Centro Universitario del Norte. El informe contiene de forma sistemática los procesos utilizados para la elaboración de los proyectos realizados en la unidad de práctica, en el municipio de San Cristóbal Verapaz, con un tiempo de ejecución de cinco meses distribuidos en las siguientes etapas: diagnóstico, plan de trabajo, y ejecución de actividades. Mediante el diagnóstico realizado en el municipio de San Cristóbal Verapaz, se identificaron y jerarquizaron las necesidades más relevantes del municipio el cual definió la implementación de un centro de capacitación y atención para la mujer en la Comunidad Las Pacayas, el cual permitirá una atención de forma integral y apropiada. El diseño efectuado por medio de la formulación se encuentra enmarcado bajo los lineamientos determinados en las construcciones guatemaltecas NSE AGIES y normativas americanas para el diseño de elementos estructurales ACI 318-14, el área de construcción es de 1,000 metros cuadrados. En función de la necesidad de nuevas rutas de difícil acceso nuevas aperturas tipo camino rural bajo la solicitud de la carretera Wash Q’op Vek (en Verano) con el acceso Pueblo Grande del municipio de San Cristóbal Verapaz, se concertó con los comunitarios la apertura de la carretera para poder ser practicada con accesos implicados, se utilizaron normativas de la dirección general de caminos, para dicho camino rural en mención se usó una longitud de 2,310 metros y un ancho de 4 metros.
650 1 4 _2LEMB
_aSan Cristóbal Verapaz, Alta Verapaz.
_xIngeniería
_xPlanificación
_xCamino rural
_xACI
_xCentro de Capacitación
_xJerarquización
700 _aIng. Civil Marlon Alexander Moran Castro
_eAsesor
856 _uSin archivo en línea.
_zSin archivo en línea.
942 _2ddc
_cTES
_iTIC 0006
_kClasificación
_n0
_6TIC_0006_000000000000000
999 _c2128
_d2128